Paroles "En été" - La reine des neiges (Disney) - Statistiques

Statistiques générales
  • Ce quiz a été pris 32 fois
    19 depuis la dernière actualisation
  • Le résultat moyen est 175 sur 212
Statistiques - réponses
Chanteur % Correct
100%
100%
100%
100%
100%
100%
100%
100%
100%
100%
100%
100%
100%
100%
100%
100%
100%
100%
93%
93%
93%
93%
93%
93%
93%
93%
93%
93%
93%
93%
93%
93%
93%
93%
93%
93%
93%
93%
93%
87%
87%
87%
87%
87%
87%
87%
87%
87%
87%
87%
87%
87%
87%
87%
87%
87%
87%
87%
87%
87%
87%
87%
80%
80%
80%
80%
80%
80%
80%
80%
80%
80%
80%
80%
80%
80%
80%
80%
80%
80%
80%
80%
80%
73%
73%
73%
73%
73%
73%
73%
73%
73%
73%
73%
73%
73%
73%
73%
73%
73%
73%
73%
67%
67%
67%
67%
67%
67%
67%
67%
67%
60%
60%
60%
60%
60%
60%
60%
Olaf
60%
60%
60%
60%
60%
60%
60%
60%
53%
53%
Kristoff
53%
47%
40%
40%
40%
40%
33%
33%
7%
7%
Aucun quiz correspondant
Distribution des résultats
% des personnes avec chaque résultat
Percentile par nombre de réponses
Votre historique - résultats
Vous n’avez pas pris ce quiz depuis la dernière actualisation